000 00739nam a2200241Ia 4500
005 20260430150334.0
008 008 250103s9999 xx 000 0 eng d
037 _aTheses
040 _aCRL
040 _beng
040 _ceng
041 _2eng
041 _aeng
084 _qCRL
100 _aAggarwal Vandana Au.; Sehgal Sanjay Gu.; Mishra Ritesh Kumar Gu.
_91237193
245 0 _aStudy of Investment and Regulatory Aspects of Deep-Sea Mining in the Indian Ocean
260 _c2022
300 _a240p.
650 _aBusiness; Economics; Finance
700 _aUniversity of Delhi. Faculty of Commerce and Business Studies. Deptt. of Finance and Business Economics
_91237194
942 _cTH
999 _c1849549
_d1849549